| 000 | 00663nam a2200217 u 4500 | ||
|---|---|---|---|
| 005 | 20240919064702.0 | ||
| 008 | 160908s2013 ag r 000 0 spa d | ||
| 020 | _a9789508088284 | ||
| 035 | _aUPN01000213011 | ||
| 049 | _aCG | ||
| 050 | 4 |
_aLA546 _bM5.6 |
|
| 100 | 1 |
_aMinnicelli, Mercedes Silvia, _d1961- _933776 |
|
| 245 | 1 | 0 |
_aCeremonias mínimas : _buna apuesta a la educación en la era del consumo / _cMercedes Minnicelli. |
| 260 |
_aRosario, Arg. : _bHomoSapiens, _cc2013. |
||
| 300 | _a180 p. | ||
| 440 | 0 | _aFilosofía de la educación | |
| 650 | 4 |
_aEducación _zArgentina _97731 |
|
| 650 | 2 |
_aConsumismo _912256 |
|
| 905 | _aLibro | ||
| 999 |
_c185111 _d185111 |
||